Statistics for Top 20 Roland Garros Players in Open Era

Click here to take the quiz!

General Stats

  • This quiz has been taken 25 times
  • The average score is 14 of 20

Answer Stats

# Player Country % Correct
1Rafael NadalSpain
100%
3Roger FedererSwitzerland
100%
2Novak DjokovicSerbia
100%
4Björn BorgSweden
96%
9Gustavo KuertenBrazil
92%
11Andy MurrayUnited Kingdom
92%
5Ivan LendlCzechoslovakia
92%
14Stanislas WawrinkaSwitzerland
88%
19David FerrerSpain
83%
8Andre AgassiUnited States
79%
6Mats WilanderSweden
75%
10Jim CourierUnited States
67%
15Jimmy ConnorsUnited States
67%
16Yannick NoahFrance
63%
20Juan Carlos FerreroSpain
63%
7Guillermo VilasArgentina
54%
12Sergi BrugueraSpain
46%
18Àlex CorretjaSpain
25%
17Adriano PanattaItaly
21%
13Jan KodešCzechoslovakia
8%

Score Distribution

Percentile by Number Answered

Percent of People with Each Score

Your Score History

You have not taken this quiz